Compo Ajax Tottenham 2019 match retour 2-3 - Statistiques

Statistiques générales
  • Ce quiz a été pris 243 fois
  • Le résultat moyen est 17 sur 24
Statistiques - réponses
Poste Réponse % Correct
GK Lloris
98%
BU Son
93%
GK Onana
89%
DC De Ligt
88%
BU Lucas
84%
MDC De Jong
81%
COACH TOTTENHAM Pochettino
81%
COACH AJAX ten Hag
79%
MD Ziyech
77%
DC Vertonghen
76%
BU Tadic
74%
MOC Alli
68%
MOC Van de Beek
67%
DC Blind
65%
DC Alderweireld
62%
MC Sissoko
61%
MG Neres
60%
DG Rose
60%
MC Eriksen
59%
DG Tagliafico
54%
DD Trippier
54%
DD Mazraoui
51%
MDC Schöne
44%
MDC Wanyama
33%
Aucun quiz correspondant
Distribution des résultats
% des personnes avec chaque résultat
Percentile par nombre de réponses
Votre historique - résultats
Vous n’avez pas pris ce quiz